| 000 | 01728nam a2200433Ii 4500 | ||
|---|---|---|---|
| 001 | DIGDYK0944 | ||
| 003 | NyNyDIG | ||
| 006 | m o d | ||
| 007 | cr ||||||||||| | ||
| 008 | 220905s2015 sp ob 000 0 spa d | ||
| 035 | _a(OCoLC)1350508363 | ||
| 040 |
_aDGITA _beng _erda _epn _cDGITA |
||
| 020 |
_a9788490855355 _qpdf |
||
| 020 | _z9788490854938 | ||
| 041 | 0 |
_aspa _acat |
|
| 043 | _ae-sp--- | ||
| 050 | 1 | 4 | _aKKT6072 ebook |
| 245 | 0 | 3 |
_aLa codificación del derecho contractual de consumo en el derecho civil catalán / _cMaría Rosa Llácer Matacás (coordinadora) |
| 264 | 1 |
_aMadrid : _bDykinson, S.L., _c[2015] |
|
| 300 | _a1 online resource. | ||
| 336 |
_atext _btxt _2rdacontent |
||
| 337 |
_acomputer _bc _2rdamedia |
||
| 338 |
_aonline resource _bcr _2rdacarrier |
||
| 347 |
_atext file _2rdaft |
||
| 347 | _bPDF | ||
| 500 | _a"Gredint, Grup de recerca en Dret privat, consum i noves tecnologies; Ministerio de Economía y Competitividad"--Cover. | ||
| 504 | _aIncludes bibliographical references. | ||
| 588 | 0 | _aOnline resource; title from PDF title page (Digitalia, viewed September 5, 2022) | |
| 650 | 0 |
_aContracts _zSpain _zCatalonia. |
|
| 650 | 0 |
_aCivil law _zSpain _zCatalonia. |
|
| 655 | 0 | _aElectronic books. | |
| 700 | 1 |
_aLlácer Matacás, María Rosa, _eeditor, _eauthor. |
|
| 791 | 2 |
_aDigitalia (Firm), _edistributor. |
|
| 793 | 0 |
_gDigitalia eBook Collection: _aDykinson Editorial |
|
| 776 | 0 | 8 |
_iPrint version: _tCodificación del derecho contractual de consumo en el derecho civil catalán. _dMadrid : Dykinson, S.L., [2015] _z9788490854938 |
| 856 | 4 | 0 |
_3Digitalia Hispánica _uhttps://www.digitaliapublishing.com/a/42506/ |
| 910 | _aPremium collection: 2022 | ||
| 942 | _cRAA | ||
| 999 |
_c247304 _d247304 |
||